000 00537nam a2200181Ia 4500
008 090124s9999 xx 000 0 und d
082 _b125108
100 _aपांढरीपांडे विजय.
245 _a कादंबरी 1990
250 _a1
260 _c1992
300 _a179
600 _aपांढरीपांडे विजय.
630 _a कादंबरी 1990
700 _aपांढरीपांडे विजय.
730 _a कादंबरी 1990
942 _cBOOK
999 _c171197
_d171197